000 00512nam a2200169Ia 4500
008 090201s9999 xx 000 0 und d
010 _aKPL-71822
040 _bमराठी
041 _aमराठी
082 _a52092
_b71822
100 _aसुरेश वैद्य
245 _aफीलिंग
_cसुरेश वैद्य
260 _c2006
_bविद्यार्थी प्रकाशन
300 _a237
_bलहान
600 _aफीलिंग
942 _cBOOK
999 _c248539
_d248539